Normal view MARC view

Entry Topical Term

Number of records used in: 1

001 - CONTROL NUMBER

  • control field: 19751

003 - CONTROL NUMBER IDENTIFIER

  • control field: OSt

005 - DATE AND TIME OF LATEST TRANSACTION

  • control field: 20201224110020.0

008 - FIXED-LENGTH DATA ELEMENTS

  • fixed length control field: 201224|| aca||aabn | a|a d

040 ## - CATALOGING SOURCE

  • Original cataloging agency: OSt
  • Transcribing agency: OSt

150 ## - HEADING--TOPICAL TERM

  • Topical term or geographic name entry element: Females, Gender responsibility, Gender specificity, Juvenile justice, Services

670 ## - SOURCE DATA FOUND

  • Source citation: Work cat.: (OSt): Parrish, Danielle E. 19750, Achieving justice for girls in the juvenile justice system

Powered by Koha